La construcción de la realidad en los medios de comunicación / (Record no. 94406)

MARC details
000 -LEADER
campo de control de longitud fija 02596cam a2200313 i 4500
001 - NÚMERO DE CONTROL
campo de control 117045
003 - IDENTIFICADOR DE NÚMERO DE CONTROL
campo de control BJBSDDR
005 - FECHA Y HORA DE LA ÚLTIMA TRANSACCIÓN
campo de control 20230410142351.0
008 - DATOS DE LONGITUD FIJA--INFORMACIÓN GENERAL
campo de control de longitud fija 140821s2010 sp aod rb 000 0 spa |
020 ## - NÚMERO INTERNACIONAL ESTÁNDAR DEL LIBRO
Número Internacional Estándar del Libro 9788436261424
020 ## - NÚMERO INTERNACIONAL ESTÁNDAR DEL LIBRO
Número Internacional Estándar del Libro 8436261429
040 ## - FUENTE DE CATALOGACIÓN
Centro/agencia transcriptor BJBSDDR
041 0# - CÓDIGO DE IDIOMA
Código de lengua del texto/banda sonora o título independiente spa
050 14 - SIGNATURA TOPOGRÁFICA DE LA BIBLIOTECA DEL CONGRESO
Número de clasificación P 90
Número de ítem C758 2010
245 03 - MENCIÓN DEL TÍTULO
Título La construcción de la realidad en los medios de comunicación /
Mención de responsabilidad, etc. Roberto Aparici (coordinador).
260 ## - PUBLICACIÓN, DISTRIBUCIÓN, ETC.
Lugar de publicación, distribución, etc. Madrid :
Nombre del editor, distribuidor, etc. Universidad Nacional de Educación a Distancia,
Fecha de publicación, distribución, etc. 2010
300 ## - DESCRIPCIÓN FÍSICA
Extensión 336 p. :
Otras características físicas il. color y n., gráf.;
Dimensiones 24 cm
490 1# - MENCIÓN DE SERIE
Mención de serie Unidades Didáticas
504 ## - NOTA DE BIBLIOGRAFÍA, ETC.
Nota de bibliografía, etc. Incluye referencias bibliográficas (p. 335 - p. 336).
505 0# - NOTA DE CONTENIDO CON FORMATO
Nota de contenido con formato La construcción de la realidad -- Ideología y representación -- Lo que los niños aprenden de Disney -- De la dominación masculina y otras leyes naturales -- La verdad en la ficción y en el espectáculo -- La construcción de la verdad en los informativos de televisión -- Algunas claves de la manipulación informativa -- Un antes y un después en la información de RTVE -- El imaginario númerico -- Interrelaciones mediáticas entre cine e hipermedios -- La TV como interfaz gráfica. Del cine a la interfaz televisiva. ¿Qué entendemos por TV? -- De la pluriarquía a la blogsfera -- Publicidad, persuasión y marketing digital -- Asianiedad virtual: ausencia y presencia en las culturas online -- Representación de la mujer en el ciberespacio -- El hábitat rural como escenario comunicativo en el consumo multipantallas de los menores.
520 ## - RESUMEN, ETC.
Sumario, etc. Grupos económicos, empresariales y políticos determinan lo que será mostrado, lo que será omitido, quiénes y cómo serán representados en los diferentes medios de comunicación. La producción de mensajes mediáticos conlleva construir representaciones en las que se crean metáforas y grandes relatos sobre la sociedad y el mu ndo que llegan a identificarse con la realidad misma. La construcción de la realidad en los medios de comunicación es una obra que reúne a especialistas e investigadores que reflexionan sobre el análisis de las representaciones, la ideología de los medios, el tratamiento de género y etnicidad, y cómo se construye la verdad en la ficción y en los espacios informativos.
650 #4 - PUNTO DE ACCESO ADICIONAL DE MATERIA--TÉRMINO DE MATERIA
9 (RLIN) 1682
Término de materia o nombre geográfico como elemento de entrada Medios de comunicación social
Subdivisión general Censura
650 #4 - PUNTO DE ACCESO ADICIONAL DE MATERIA--TÉRMINO DE MATERIA
9 (RLIN) 5046
Término de materia o nombre geográfico como elemento de entrada Sociología de la comunicación
650 #4 - PUNTO DE ACCESO ADICIONAL DE MATERIA--TÉRMINO DE MATERIA
9 (RLIN) 5045
Término de materia o nombre geográfico como elemento de entrada Medios de comunicación
700 1# - ENTRADA AGREGADA--NOMBRE PERSONAL
Nombre de persona Aparici, Roberto,
Fechas asociadas al nombre 1949-
Término indicativo de función/relación coordinador
9 (RLIN) 3616
830 ## - PUNTO DE ACCESO ADICIONAL DE SERIE-TÍTULO UNIFORME
9 (RLIN) 5044
Título uniforme Colección Grado; Unidad didáctica (UNED)
942 ## - ELEMENTOS DE ENTRADA SECUNDARIOS (KOHA)
Fuente del sistema de clasificación o colocación Clasificación de Library of Congress
Tipo de ítem Koha Libro
946 ## - PROCESAMIENTO DE INFORMACIÓN LOCAL (OCLC)
a JaaM
Holdings
Estatus retirado Estado de pérdida Fuente del sistema de clasificación o colocación Estado de daño No para préstamo Colección Biblioteca de origen Biblioteca actual Ubicación en estantería Fecha de adquisición Signatura topográfica completa Código de barras Visto por última vez Copia número Tipo de ítem Koha
    Clasificación de Library of Congress     Humanidades Biblioteca Juan Bosch Biblioteca Juan Bosch Humanidades (4to. Piso) 10/04/2023 P 90 C758 2010 00000110475 17/11/2018 1 Libro